01621nam a2200445 i 450000100060000000300080000600500170001400600190003100700150005000800410006502000270010603500230013303500240015603500250018003500220020504000310022705000210025808000100027908200180028910000330030724500690034026400370040930000410044633600310048733700330051833800430055149000120059450000220060658801270062859001630075565000280091865000250094665000310097165000350100265500270103779700190106483000130108385600620109699900170115858062FlNmELB20241216232959.0m o d | cr cnu||||||||171108s2010 sp o 001 j spa d a9781512944877 (e-book) a(MiAaPQ)EBC5045450 a(Au-PeEL)EBL5045450 a(CaPaEBR)ebr11440236 a(OCoLC)1105502965 aFINmELBbspaerdacFINmELB 4aGR230bP912 2010 a398.20 a398.209462231 aPrats Pijoan, Joan de Déu.10aHistorias y leyendas de Barcelona /cJoan de Déu Prats Pijoan. 1aBarcelona :bMarge Books,c2010. a1 recurso en línea (188 páginas) atextobtxt2rdacontent/spa acomputadorabc2rdamedia/spa arecurso en líneabcr2rdacarrier/spa1 aÍtaca aIncluye índice. aDescripción basada en recurso en línea; Título de la página del título en PDF (e-libro, visto November 8, 2017). aRecurso electrónico. Santa Fe, Arg. : e-libro, 2017. Disponible vía World Wide Web. El acceso puede ser limitado para las bibliotecas afiliadas a e-Libro. 0aShort stories, Spanish. 4aCuentos españoles. 0aLegendszSpainzBarcelona. 4aLeyendaszEspañazBarcelona. 4aLibros electrónicos.2 ae-libro, Corp. 0aÍtaca.40uhttps://elibro.net/ereader/politecnicointernacional/59319 c58062d58062